[Event "FEDA International GM 2020"]
[Site "La Palma"]
[Date "2020.12.02"]
[Round "3.2"]
[White "Vasquez Schroeder, Rodrigo"]
[Black "Suarez Gomez, Julio"]
[Result "0-1"]
[WhiteElo "2441"]
[BlackElo "2442"]
[Annotator "NA"]
[PlyCount "100"]
[EventDate "2020.11.29"]
[EventCountry "ESP"]
[SourceTitle "playchess.com"]
[Source "ChessBase"]
[SourceQuality "1"]

1. c4 e6 2. Nf3 d5 3. e3 Nf6 4. b3 Bd6 5. Bb2 O-O 6. Nc3 Re8 7. d4 Nbd7 8. c5 Bf8 9. b4 e5 10. Be2 c6 11. O-O exd4 12. exd4 g6 13. Re1 $11 Ne4 14. Bd3 Nxc3 15. Bxc3 Rxe1+ 16. Qxe1 Bg7 17. a4 Nf8 18. Qe3 Bd7 19. Ne5 Be8 20. Re1 a6 21. g3 h5 22. h4 f6 23. Nf3 Bf7 24. Qe2 Qd7 25. Qc2 Re8 26. Rb1 Qg4 27. Nh2 Qc8 28. b5 axb5 29. axb5 g5 30. Nf3 Qg4 31. Kg2 gxh4 32. Nxh4 Ne6 33. Qc1 Nxd4 34. f3 Nxf3 35. Nxf3 d4 36. Nxd4 Bd5+ 37. Kh2 h4 38. Qf4 hxg3+ 39. Qxg3 Qxg3+ 40. Kxg3 Re3+ 41. Kh2 Rxd3 42. bxc6 bxc6 43. Ba1 Bh6 44. Rf1 Bg5 45. Nxc6 Bxc6 46. Bxf6 Be3 47. Be7 Rd2+ 48. Kg3 Rg2+ 49. Kh4 Bd7 50. Bd6 Bg5+ 0-1

[Event "FEDA International GM 2020"]
[Site "La Palma"]
[Date "2020.12.02"]
[Round "3.4"]
[White "Espinosa Aranda, Angel"]
[Black "Tejedor Fuente, Enrique"]
[Result "1/2-1/2"]
[WhiteElo "2500"]
[BlackElo "2442"]
[Annotator "ChessBase"]
[PlyCount "217"]
[EventDate "2020.11.29"]
[EventCountry "ESP"]
[SourceTitle "playchess.com"]
[Source "ChessBase"]
[SourceQuality "1"]

1. e4 c5 2. c3 Nf6 3. e5 Nd5 4. d4 cxd4 5. cxd4 d6 6. Nf3 e6 7. Bc4 Nc6 8. O-O Nb6 9. Bb5 Bd7 10. Nc3 a6 11. Bd3 Nb4 12. Bg5 Be7 13. Ne4 dxe5 14. Nd6+ Kf8 15. Bxe7+ Qxe7 16. dxe5 Nxd3 17. Qxd3 Bb5 18. Nxb5 axb5 19. Qxb5 Nd5 20. Rfc1 g6 21. Qc5 Qxc5 22. Rxc5 Kg7 23. a3 b6 24. Rc2 Rhc8 25. Rac1 Rxc2 26. Rxc2 b5 27. g3 b4 28. axb4 Nxb4 29. Rc7 Na6 30. Rc3 Rd8 31. Kg2 h6 32. h4 Rb8 33. b3 Rb5 34. Kf1 Nb8 35. Ke2 Nd7 36. Re3 Nc5 37. Nd4 Rb4 38. Rc3 Nb7 39. Kd3 Na5 40. Rc7 Nxb3 41. Nxe6+ Kg8 42. Rc8+ Kh7 43. Kc3 Rb5 44. Nc7 Rxe5 45. Kxb3 Rc5 46. f3 h5 47. Kb4 Rc1 48. f4 Kh6 49. Kb5 Rc3 50. f5 gxf5 51. Rh8+ Kg7 52. Nd5 Rb3+ 53. Kc4 Rxg3 54. Rxh5 Rg4+ 55. Kd3 Kg6 56. Rh8 Kg7 57. Rc8 Rxh4 58. Ke3 Ra4 59. Kf3 Ra5 60. Rd8 Ra4 61. Ne3 f4 62. Ng2 Ra3+ 63. Kxf4 Ra4+ 64. Kg5 Ra5+ 65. Kg4 Ra4+ 66. Nf4 Rb4 67. Rd5 Rb1 68. Kf5 Rg1 69. Rd6 Rf1 70. Rc6 Rh1 71. Ne2 Rh5+ 72. Kg4 Rh6 73. Rc5 Rh1 74. Ng3 Rg1 75. Kf4 Kf6 76. Rc6+ Ke7 77. Ra6 Rb1 78. Nf5+ Kd7 79. Ke5 Re1+ 80. Kd5 Rd1+ 81. Nd4 Ke7 82. Ke4 Re1+ 83. Kf3 Rf1+ 84. Ke2 Rf6 85. Ra7+ Kf8 86. Ke3 Rf1 87. Ke4 Re1+ 88. Kf5 Kg7 89. Nf3 Rf1 90. Kg4 Rb1 91. Nh4 Rg1+ 92. Kh5 Rf1 93. Rb7 Ra1 94. Rb6 Rf1 95. Ra6 Rf6 96. Ra1 Re6 97. Kg5 Kf8 98. Nf5 Rg6+ 99. Kf4 Re6 100. Ra7 Re2 101. Nd6 Rf2+ 102. Kg5 Rg2+ 103. Kf6 Rg6+ 104. Ke5 Rg5+ 105. Nf5 Kg8 106. Ra8+ Kh7 107. Kf6 Rg6+ 108. Kxf7 Rf6+ 109. Kxf6 1/2-1/2

[Event "FEDA International GM 2020"]
[Site "La Palma"]
[Date "2020.12.02"]
[Round "3.5"]
[White "Studer, Noel"]
[Black "Gines Esteo, Pedro Antonio"]
[Result "1-0"]
[WhiteElo "2582"]
[BlackElo "2437"]
[Annotator "ChessBase"]
[PlyCount "71"]
[EventDate "2020.11.29"]
[EventCountry "ESP"]
[SourceTitle "playchess.com"]
[Source "ChessBase"]
[SourceQuality "1"]

1. d4 Nf6 2. c4 e6 3. Nf3 d5 4. g3 Be7 5. Bg2 O-O 6. Nc3 c6 7. O-O Nbd7 8. Qd3 b6 9. cxd5 cxd5 10. Bf4 Bb7 11. Rfc1 Nh5 12. Bd2 Nhf6 13. Nb5 a6 14. Nc7 Ra7 15. Ng5 Bd6 16. Ncxe6 fxe6 17. Nxe6 Qe7 18. Nxf8 Nxf8 19. f3 Ra8 20. Re1 Re8 21. Qb3 Ne6 22. Bc3 Qc7 23. e3 h5 24. Rec1 Qd8 25. Be1 g5 26. Qd3 Kg7 27. Bc3 g4 28. Qf5 Bc8 29. fxg4 hxg4 30. e4 dxe4 31. d5 Nf8 32. Qg5+ Ng6 33. Rf1 Be5 34. Bxe4 Bxc3 35. Qxg6+ Kh8 36. bxc3 1-0

[Event "FEDA International GM 2020"]
[Site "La Palma"]
[Date "2020.12.03"]
[Round "4.1"]
[White "Nevednichy, Vladislav"]
[Black "Gines Esteo, Pedro Antonio"]
[Result "0-1"]
[WhiteElo "2546"]
[BlackElo "2437"]
[Annotator "ChessBase"]
[PlyCount "98"]
[EventDate "2020.11.29"]
[EventCountry "ESP"]
[SourceTitle "playchess.com"]
[Source "ChessBase"]
[SourceQuality "1"]

1. c4 e6 2. Nc3 d5 3. d4 Be7 4. cxd5 exd5 5. Bf4 c6 6. e3 Bf5 7. g4 Be6 8. h3 Nd7 9. Bd3 h5 10. gxh5 Ndf6 11. Nf3 Nxh5 12. Be5 Qd7 13. Qc2 Nh6 14. Rg1 Kf8 15. O-O-O Bxh3 16. Bh2 Rd8 17. Ne5 Qe6 18. f3 Nf5 19. Qf2 Qh6 20. Ng4 Bxg4 21. fxg4 Qxe3+ 22. Qxe3 Nxe3 23. gxh5 Nxd1 24. Kxd1 Rxh5 25. Bc7 Re8 26. Ne2 Bf6 27. Kd2 Rh4 28. Bg3 Rh5 29. a4 g6 30. a5 a6 31. Kc3 Re3 32. Bd6+ Be7 33. Be5 Rhh3 34. Nc1 c5 35. Kc2 c4 36. Bf1 Rh4 37. Ne2 Bb4 38. Rg3 Rxg3 39. Bxg3 Rh5 40. Nf4 Rg5 41. Bh2 Bxa5 42. Bh3 Ke8 43. Bc8 Bc7 44. Kc3 Kd8 45. Bxb7 Rg4 46. Nxd5 Bxh2 47. Nf6 Rh4 48. Ne4 Bg1 49. Kxc4 f5 0-1

[Event "FEDA International GM 2020"]
[Site "La Palma"]
[Date "2020.12.03"]
[Round "4.2"]
[White "Tejedor Fuente, Enrique"]
[Black "Studer, Noel"]
[Result "0-1"]
[WhiteElo "2442"]
[BlackElo "2582"]
[Annotator "ChessBase"]
[PlyCount "54"]
[EventDate "2020.11.29"]
[EventCountry "ESP"]
[SourceTitle "playchess.com"]
[Source "ChessBase"]
[SourceQuality "1"]

1. e4 c5 2. Nf3 Nc6 3. c3 Nf6 4. e5 Nd5 5. d4 cxd4 6. cxd4 d6 7. exd6 Qxd6 8. Nc3 g6 9. Qb3 Be6 10. Qxb7 Rb8 11. Qa6 Bg7 12. Be2 O-O 13. O-O Nxd4 14. Qxd6 Nxe2+ 15. Nxe2 exd6 16. Nfd4 Rfe8 17. Rd1 Bg4 18. f3 Bc8 19. a4 Rb4 20. Nc6 Rc4 21. Rxd5 Rxe2 22. Rxd6 Bf8 23. Rd8 Rcc2 24. Rxf8+ Kxf8 25. Bh6+ Ke8 26. Kf1 Rf2+ 27. Ke1 Rxg2 0-1

[Event "FEDA International GM 2020"]
[Site "La Palma"]
[Date "2020.12.03"]
[Round "4.3"]
[White "Fier, Alexandr"]
[Black "Espinosa Aranda, Angel"]
[Result "1-0"]
[WhiteElo "2558"]
[BlackElo "2500"]
[Annotator "ChessBase"]
[PlyCount "141"]
[EventDate "2020.11.29"]
[EventCountry "ESP"]
[SourceTitle "playchess.com"]
[Source "ChessBase"]
[SourceQuality "1"]

1. e4 c5 2. Nf3 d6 3. d4 cxd4 4. Nxd4 Nf6 5. Nc3 Nc6 6. f3 e5 7. Nb3 Be7 8. Be3 Be6 9. Nd5 O-O 10. Be2 Bxd5 11. exd5 Nb4 12. c4 a5 13. Qd2 b6 14. O-O Nd7 15. Nc1 Na6 16. Bd1 Nac5 17. Ne2 f5 18. Bc2 g6 19. Nc3 Bf6 20. b3 Qe7 21. Rae1 Bg7 22. Nb5 Nf6 23. a3 Ne8 24. Nc3 Qh4 25. Bf2 Qh6 26. Qxh6 Bxh6 27. Rd1 e4 28. fxe4 Bg7 29. Nb5 f4 30. Rfe1 Be5 31. Bd4 Nd7 32. Bf2 Ng7 33. Nd4 g5 34. Nf3 Bc3 35. Nxg5 Bxe1 36. Rxe1 Rac8 37. Bd4 Nh5 38. Ne6 Rf7 39. Bd1 Nhf6 40. Nxf4 a4 41. Ne6 axb3 42. Bxb3 Ng4 43. Ng5 Re7 44. Nf3 Nc5 45. Bc2 Rce8 46. Nh4 Rf7 47. Rb1 Nxe4 48. h3 Ng3 49. hxg4 Ne2+ 50. Kh2 Nxd4 51. Bf5 Rc7 52. Rxb6 Rxc4 53. Rxd6 Nxf5 54. Nxf5 Rf8 55. Rd7 h5 56. Nh6+ Kh8 57. g5 Rh4+ 58. Kg3 Rff4 59. g6 Rhg4+ 60. Nxg4 Rxg4+ 61. Kf3 Rxg6 62. d6 Kg8 63. a4 Kf8 64. a5 Ke8 65. Re7+ Kf8 66. a6 Rxd6 67. a7 Kxe7 68. a8=Q Kf7 69. Qh8 Kg6 70. Qg8+ Kf5 71. Qf7+ 1-0

[Event "FEDA International GM 2020"]
[Site "La Palma"]
[Date "2020.12.03"]
[Round "4.4"]
[White "Suarez Gomez, Julio"]
[Black "Vega Gutierrez, Sabrina"]
[Result "1-0"]
[WhiteElo "2442"]
[BlackElo "2368"]
[Annotator "NA"]
[PlyCount "75"]
[EventDate "2020.11.29"]
[EventCountry "ESP"]
[SourceTitle "playchess.com"]
[Source "ChessBase"]
[SourceQuality "1"]

1. d4 d5 2. Nf3 e6 3. c4 c6 4. e3 f5 5. Bd3 Nf6 6. O-O Bd6 7. b3 Qe7 8. Bb2 O-O 9. Qc1 b6 10. Ba3 c5 11. cxd5 Nxd5 12. dxc5 bxc5 13. Nbd2 Nd7 14. Bb5 Bb7 15. Nc4 Rac8 16. Nxd6 Qxd6 17. Bb2 Bc6 18. Bxc6 Rxc6 19. Rd1 a5 20. Qc4 Rb8 21. a3 Ra8 22. e4 N7b6 23. exd5 exd5 24. Qc2 a4 25. bxa4 Nxa4 26. Be5 Qd7 27. Rac1 Rcc8 28. Qa2 Rd8 29. h4 h6 30. Qc2 Qf7 31. Ba1 Qh5 32. Qb3 c4 33. Qe3 Qg6 34. Qe5 Nb6 35. Nd4 Re8 36. Qxf5 Qxf5 37. Nxf5 Rxa3 38. Bxg7 1-0

[Event "FEDA International GM 2020"]
[Site "La Palma"]
[Date "2020.12.03"]
[Round "4.5"]
[White "Martin Duque, Jesus"]
[Black "Vasquez Schroeder, Rodrigo"]
[Result "1/2-1/2"]
[WhiteElo "2422"]
[BlackElo "2441"]
[Annotator "TA"]
[PlyCount "165"]
[EventDate "2020.11.29"]
[EventCountry "ESP"]
[SourceTitle "playchess.com"]
[Source "ChessBase"]
[SourceQuality "1"]

{[%evp 16,165,0,0,15,20,21,0,0,0,11,-42,-44,-77,-76,-80,-64,-102,-79,-79,-73,-79,-66,-82,-52,-158,-108,-77,-65,-79,-29,-29,-4,-6,-6,-10,-12,-22,0,0,0,0,0,-5,-4,-9,0,0,0,0,0,-1,0,-6,-6,-6,-6,-6,0,0,0,0,0,0,0,0,0,-16,-7,-23,-22,-22,-14,-14,-12,-14,-16,-29,-36,-36,0,-34,-34,-28,-28,-39,-22,-81,-64,-47,-31,-51,-51,-155,-180,-157,-114,-114,-83,-85,-85,-81,-82,-78,-78,-457,-453,-664,-30,-30,-30,-30,-30,-30,-30,-30,-30,-30,-29,-30,-30,-30,-30,-30,-4,-30,-30,-30,0,-30,0,-30,-30,-30,0,-30,-4,-30,0,-8,-8,-30,-30,-30,-30,-30,-30,-30,-30,-30,0,0]} 1. e4 e5 2. Nf3 Nc6 3. Nc3 Nf6 4. d4 exd4 5. Nxd4 Bb4 6. Nxc6 bxc6 7. Bd3 d5 8. Bd2 O-O 9. O-O Rb8 {C47: Scotch Four Knights and Four Knights with 4 g3.} 10. Re1 Bg4 11. Qc1 Re8 {[#]} 12. exd5 $146 ({Predecessor:} 12. h3 Bh5 13. exd5 Rxe1+ 14. Qxe1 cxd5 15. a3 Bf8 16. b4 c5 17. Bf4 Bd6 18. Bxd6 Qxd6 {1-0 (73) Karjakin,S (2754)-Fridman,D (2616) Moscow 2019}) 12... cxd5 13. Na4 (13. Rxe8+ $11 Nxe8 14. Bg5) 13... Bd6 $15 14. c4 Rxe1+ 15. Bxe1 Bd7 16. Qc2 Qe8 17. Nc3 Qe5 18. g3 dxc4 $1 19. Bxc4 Bf5 20. Qa4 (20. Qe2 $15) 20... Bc5 21. Bb3 Re8 {And now ...Bh3 would win.} 22. Qf4 $1 Ng4 23. Kg2 $1 Rd8 24. Qxe5 Nxe5 25. f3 Nd3 26. Ne4 (26. g4 {feels hotter.} Bg6 27. Bh4 Rd7 28. Rd1 Nf4+ 29. Kg3) 26... Nxe1+ (26... Bb6 {is more complex.} 27. Bc3 Nxb2 28. g4 Bxe4 29. fxe4 Bd4) 27. Rxe1 Be7 28. Rc1 c5 29. Rc4 Be6 30. Rc2 c4 31. Bxc4 Bxc4 32. Rxc4 $11 {[%mdl 4096] Endgame KRB-KRN} f5 $1 {[%cal Rf5e4]} 33. Nc3 Rd2+ 34. Kh1 Rxb2 35. Nd5 Bf8 36. a4 $1 Ra2 37. Ne3 g6 38. Nd5 Rd2 39. Nf4 Rd7 40. Ne6 {next Rc8! is good for White.} Be7 41. Nd4 Bf6 42. Nb5 a6 43. Nc7 Rd1+ 44. Kg2 Rd2+ 45. Kh1 Rd6 46. Ne8 Rd1+ 47. Kg2 Bd8 48. Rc8 Kf7 49. Nc7 a5 50. Nb5 Rd2+ 51. Kf1 (51. Kh1 $11) 51... Ke7 $17 52. h4 Bb6 {White must now prevent ...Rf2+.} 53. Rc6 Bf2 54. Ra6 (54. g4 $15) 54... Bxg3 55. Rxa5 Bxh4 56. Ra7+ Kf6 57. Rxh7 Kg5 58. a5 Rf2+ 59. Kg1 Ra2 60. Nc7 $2 {[%mdl 8192] [#]} (60. Nc3 $17 {is tougher.} Rxa5 61. Ne2) 60... Kf4 $1 $19 {[%cal Rf4g3] ( -> ...Kg3)} 61. Nd5+ {Cut Off at move 61} ({Inferior is} 61. Rxh4+ {[#]} Kg3 $1 {[%mdl 512]}) (61. Ne6+ $142 Kg3 62. Kf1) 61... Kxf3 $2 (61... Kg3 $19 {[%cal Ra2a1]} 62. Ne3 Bg5 63. Nf1+ Kxf3) 62. Rxh4 {KRN-KR} Kg3 {[%cal Ra2a1]} 63. Rf4 Rxa5 64. Rf2 Rxd5 $11 {KR-KR} 65. Rg2+ Kf3 66. Rxg6 Rd1+ 67. Kh2 f4 68. Ra6 Re1 69. Ra3+ Kf2 70. Ra2+ Re2 71. Ra1 Rb2 72. Ra3 Re2 {Threatens to win with ...Kf1+.} 73. Ra1 Rd2 74. Ra3 Rc2 (74... Rd8 {seems wilder.} 75. Ra2+ Kf1 76. Ra1+ Ke2 77. Kg1 Rg8+) 75. Ra1 Ke2 76. Kg2 Rc3 77. Ra2+ Ke3 78. Ra1 Rc2+ 79. Kf1 Kf3 {Hoping for ...Kg3.} 80. Ra3+ Kg4 81. Rb3 Rd2 82. Ra3 f3 {aiming for ...Kg3.} 83. Ra8 {Whites escaped into a draw.  Weighted Error Value: White=0.26/Black=0.08} 1/2-1/2

[Event "FEDA International GM 2020"]
[Site "La Palma"]
[Date "2020.12.04"]
[Round "5.1"]
[White "Vasquez Schroeder, Rodrigo"]
[Black "Nevednichy, Vladislav"]
[Result "1-0"]
[WhiteElo "2441"]
[BlackElo "2546"]
[Annotator "TA"]
[PlyCount "151"]
[EventDate "2020.11.29"]
[EventCountry "ESP"]
[SourceTitle "playchess.com"]
[Source "ChessBase"]
[SourceQuality "1"]

{[%evp 15,151,28,30,30,30,34,30,22,18,5,56,51,56,54,49,46,56,56,58,60,69,75,80,86,109,95,103,84,91,80,104,104,94,85,107,52,86,68,92,18,0,0,0,-29,-43,-12,-12,-17,-29,-68,-50,-118,-116,-121,-62,-83,43,43,42,42,45,45,45,43,89,91,679,536,497,511,662,151,157,157,135,153,153,142,685,650,1543,1541,1170,291,834,22,16,30,52,41,41,0,8,8,8,8,8,0,0,0,0,0,64,43,52,8,26,2,8,8,12,22,27,30,378,78,291,315,309,310,283,282,260,277,341,222,592,572,918,900,29974,29975,29975,29976,29972,29975,29974,29972]} 1. d4 Nf6 2. c4 g6 3. g3 Bg7 4. Bg2 O-O 5. Nc3 d6 6. Nf3 c6 7. O-O Bf5 8. Ne1 e5 9. d5 {E62: King's Indian: Fianchetto: 6...c6 and Panno Variation (6...Nc6) without ...a6.} cxd5 10. cxd5 a5 {is now more promising than 10...Na6.} 11. e4 {White has an edge.} Bd7 {[#]} 12. Qe2 $146 ({Predecessor:} 12. a4 Na6 13. Nd3 Nb4 14. h3 Qc8 15. Kh2 Qc4 16. Ne1 Rac8 17. f3 Nh5 18. Rf2 {0-1 (46) Nagy,G (2489)-Caruana,F (2835) chess.com INT 2020}) 12... Qe8 (12... Na6 $11) 13. Nc2 b5 {With the idea ...b4.} 14. a3 Na6 15. b4 axb4 16. axb4 Qb8 17. Bd2 Ne8 18. Ra5 {[%cal Rc3b5]} Nec7 19. Rfa1 Qb7 20. h4 f5 21. Bh3 Qc8 22. Kg2 Rf7 23. h5 Bf8 24. Ne1 Rb8 25. Rb1 ({White should try} 25. Nd3 $16) 25... Be7 26. Nd3 Ne8 27. Rc1 (27. Rh1 $16) 27... Nac7 $11 28. Ra7 Ra8 29. Rca1 Rxa7 30. Rxa7 Nf6 31. hxg6 hxg6 32. Ne1 Rh7 33. exf5 (33. Qf1 $1 $15) 33... gxf5 $17 (33... Nfxd5 $6 34. Nxd5 Nxd5 35. Qg4 $11) 34. Nf3 {[#]} Qb8 (34... Nfxd5 35. Nxd5 Nxd5 36. Rxd7 $1 $16 {[%mdl 512]}) ({Better is} 34... Ne4 $1 $17 {[%mdl 512]} 35. Be1 (35. Nxe4 fxe4) 35... Bd8) 35. Ra5 Nfxd5 (35... Ncxd5 36. Nxd5 Nxd5 37. Qd3 $16) ({Black should play} 35... Qb7 $17 36. Bg5 Nfxd5 37. Nxd5 Qxd5 38. Bxe7 Rxe7) 36. Nxd5 $14 Nxd5 37. Qd3 $1 {[%csl LRd5,LRf5][%mdl 64] Double Attack} Qb7 38. Bxf5 Bxf5 39. Qxf5 Rf7 40. Qg6+ Kf8 $2 {[%mdl 8192]} (40... Rg7 $16 41. Qe8+ {[%mdl 64] Double Attack} Bf8) 41. Kg1 Nf4 42. Bxf4 ({Not} 42. gxf4 $2 Rg7 $19) 42... exf4 {[#]} 43. Qh5 $2 (43. Nd4 $1 $18) 43... Bf6 $16 44. Rxb5 Qc7 45. g4 {aiming for Rf5.} Rh7 46. Rb8+ $1 Kg7 $2 {[%mdl 8192]} (46... Qxb8 $16 47. Qxh7 Qxb4) 47. Qe8 $18 {Intending Qg8+ and mate.} Qc1+ 48. Ne1 {Threatening mate with Rb7+.} Qc7 49. Qg8+ Kh6 {intending ...Rh8.} 50. Nf3 $2 ({Weaker is} 50. g5+ Bxg5 51. Qe6+ Kh5 $16) (50. Rb5 $18 {[%csl Gg4][%cal Rb5h5]} Be5 51. Nf3) 50... Rh8 $1 $11 {[%cal Rh8g8]} 51. Qe6 Rxb8 52. Qxf6+ {[%mdl 4096] Endgame KQR-KQN} Kh7 53. Qxf4 {Hoping for Ng5+.} Re8 54. Ng5+ Kg8 55. Ne4 {Nf6+ is the strong threat.} Re5 56. Kg2 {Threatens to win with Nf6+.} Qf7 57. Nf6+ Kg7 58. Nh5+ $1 Kg6 (58... Kf8 $11) 59. Qd2 Qe7 ({But not} 59... Qd5+ $2 60. Qxd5 Rxd5 61. Nf4+ Kf7 62. Nxd5 $18) 60. Kg3 {next Nf4+ is good for White.} Kf7 61. Nf4 {Cut Off at move 61} Ke8 62. Ng6 Re2 63. Qd3 Qe4 64. Qxd6 {And now f4 would win.} Re1 $2 {[%mdl 8192] [#]} (64... Kf7 $1 $11 65. Nf4 Qe5 66. Qxe5 Rxe5) 65. Kh4 $2 (65. f4 $1 $18 {and the rest is easy. Strongly threatening Qb8+.} Qb1 66. Kh4) 65... Qe6 $2 (65... Rh1+ $16 66. Kg5 Qd5+ 67. Qxd5 Rh5+ 68. Kf6 Rxd5) 66. Qf8+ $18 Kd7 67. Qg7+ Kc6 68. f4 Kb5 69. Qc3 Ka4 70. Kg5 Rg1 $2 (70... Qd5+ {is a better chance.} 71. f5 Re4) 71. f5 Qe4 72. Ne5 Rf1 73. Qc6+ {White mates.} Qxc6 74. Nxc6 Kb5 75. Ne7 Kxb4 76. f6 {Weighted Error Value: White=0.47/Black=0.37} 1-0

[Event "FEDA International GM 2020"]
[Site "La Palma"]
[Date "2020.12.04"]
[Round "5.2"]
[White "Vega Gutierrez, Sabrina"]
[Black "Martin Duque, Jesus"]
[Result "0-1"]
[WhiteElo "2368"]
[BlackElo "2422"]
[Annotator "TA"]
[PlyCount "88"]
[EventDate "2020.11.29"]
[EventCountry "ESP"]
[SourceTitle "playchess.com"]
[Source "ChessBase"]
[SourceQuality "1"]

{[%evp 21,88,35,26,12,11,0,18,0,26,18,31,-5,49,53,66,39,22,37,32,-11,-9,-15,-15,-9,-20,-6,-14,0,0,0,0,0,0,-44,-44,-141,-133,-153,-172,-141,-155,-177,-171,-173,-111,-121,-62,-62,-61,-258,-252,-219,-226,-218,-176,-2497,-2341,-2433,-1985,-1979,-1967,-1654,-1666,-1268,-1027,-1308,-987,-29992,-29993]} 1. e4 c5 2. Nf3 Nc6 3. d4 cxd4 4. Nxd4 Qb6 5. Nb3 Nf6 6. Nc3 e6 7. Bd3 Bb4 8. O-O O-O 9. Be3 Qc7 10. f4 Bxc3 11. bxc3 d6 12. c4 {B33: Sicilian: Pelikan and Sveshnikov Variations.} b6 13. a4 Bb7 {[#]} 14. Bd2 $146 {The position is equal.} ({Predecessor:} 14. Qf3 Ne7 15. a5 Ng6 16. Nd4 bxa5 17. Nb5 Qd7 18. Bd4 e5 19. Be3 a6 20. Nc3 exf4 21. Bxf4 Ng4 22. Bg3 N4e5 23. Qe3 Rac8 24. Qd4 Qc7 {½-½ (24) Dourerassou,J (2464)-Epishin,V (2603) Fourmies 2013}) 14... Rfe8 15. Qe1 e5 16. Qh4 Ne7 (16... exf4 $11 17. Rxf4 Ne5 18. Rxf6 gxf6) 17. f5 $1 $14 ({Reject} 17. fxe5 Ng6 $11) 17... Bxe4 18. Bg5 ({Much worse is} 18. Bxe4 Qxc4 19. Bg5 Nxe4 $15) (18. Bh6 $5 Nxf5 19. Rxf5 Bxf5 20. Bxf5 $16) 18... Bxd3 19. cxd3 Nd7 $1 20. Bxe7 {Strongly threatening f6.} f6 $1 21. Qe4 {Hoping for Qd5+.} Kf7 22. Qh4 Rxe7 23. Qxh7 Nc5 24. Nxc5 Qxc5+ 25. Kh1 e4 26. dxe4 Rxe4 27. Rae1 (27. a5 $5) 27... Qe5 28. Qh5+ {[#]} (28. Rxe4 $15 Qxe4 29. h3) 28... Kg8 $1 $17 29. Qd1 Re8 {[%cal Re4e1]} 30. Rxe4 Qxe4 $40 {[%mdl 128] White is in trouble.} 31. Qxd6 Qxc4 $19 {[%cal Rc4f1][%mdl 4096] Endgame KQR-KQR} 32. Qd1 Re2 (32... Re4 $19 33. h3 Qxa4) 33. h3 Qe4 ({Better is} 33... Re3 $17 34. Kh2 Rd3) 34. Qb3+ $15 Kh7 {[%csl Ge2][%cal Re4g2]} 35. Rf3 $2 {White does not recover from this.} (35. Qf3 $1 $15) 35... Re1+ $19 36. Kh2 Qe5+ 37. Rg3 {[#]} Qa1 $1 {[%csl Ga1][%cal Re1h1]} 38. Rg6 $2 (38. Rf3) 38... Rh1+ 39. Kg3 Qe1+ 40. Kg4 Qe4+ {[%mdl 64] Double Attack} 41. Kg3 Qe5+ 42. Kg4 Re1 {( -> ...Re4+)} 43. Kh4 Qf4+ 44. g4 Re3 {Accuracy: White = 56%, Black = 83%.} 0-1

[Event "FEDA International GM 2020"]
[Site "La Palma"]
[Date "2020.12.04"]
[Round "5.3"]
[White "Espinosa Aranda, Angel"]
[Black "Suarez Gomez, Julio"]
[Result "0-1"]
[WhiteElo "2500"]
[BlackElo "2442"]
[Annotator "TA"]
[PlyCount "76"]
[EventDate "2020.11.29"]
[EventCountry "ESP"]
[SourceTitle "playchess.com"]
[Source "ChessBase"]
[SourceQuality "1"]

{[%evp 13,76,-8,24,-34,-33,-37,-45,-33,-25,-66,-64,-89,-89,-89,-84,-87,-63,-83,-56,-118,-107,-107,-125,-118,-106,-114,-100,-101,-112,-141,-144,-135,-120,-218,-222,-342,-253,-256,-243,-324,-312,-314,-270,-274,-273,-421,-414,-421,-414,-412,-412,-428,-428,-443,-390,-544,-541,-501,-486,-1009,-581,-4818,-4762,-4133,-1749]} 1. d4 e6 2. Nf3 Nf6 3. c4 b6 4. Bf4 Bb7 5. e3 Be7 6. h3 c5 7. Nc3 cxd4 8. exd4 {E12: Queen's Indian: Unusual White 4th moves, 4 a3, 4 Nc3 Bb7 5 a3 and 4 Nc3 Bb7 .} ({Better is} 8. Nxd4 $11 O-O 9. Ndb5) 8... O-O $15 9. Bd3 d5 10. O-O {Black is slightly better.} Nc6 11. Re1 Nb4 {[#]} 12. Be2 $146 ({Predecessor:} 12. cxd5 Nxd3 13. Qxd3 Nxd5 14. Nxd5 Qxd5 15. a3 Rac8 16. Rac1 f6 17. Qe2 Kf7 18. h4 {0-1 (43) Dominguez Carmona,M (2087)-Almagro Llamas,P (2466) Madrid 2011}) 12... dxc4 13. Bxc4 Bxf3 14. gxf3 Nfd5 15. Bg3 Rc8 16. Bxd5 (16. Nxd5 $1 $15 exd5 17. Bb3) 16... Nxd5 $17 ({Of course not} 16... exd5 17. Qb3 $11) 17. Qb3 Bb4 {[%cal Rb4c3]} 18. Rac1 {With the idea Nxd5.} Qd7 19. a4 Bxc3 20. bxc3 Ne7 21. Red1 Nf5 22. c4 Rfd8 ({Not} 22... Nxd4 23. Qe3 $16) 23. Qd3 (23. Qa3 $17) 23... Qxd4 $19 24. Qe4 (24. Qxd4 {keeps fighting.} Rxd4 25. Rxd4 Nxd4 26. Kg2) 24... Qc5 25. Kg2 h6 26. Rd3 Nxg3 27. fxg3 Rxd3 28. Qxd3 {[%mdl 4096] Endgame KQR-KQR} a6 29. Rb1 (29. Qc3 {might work better.}) 29... Qxc4 30. Qxc4 Rxc4 31. Rxb6 Rxa4 {KR-KR} 32. h4 g6 33. g4 h5 34. Kg3 hxg4 {Black is clearly winning.} 35. fxg4 Kg7 36. Rb7 (36. g5 $142 a5 37. Ra6) 36... a5 37. Ra7 Ra1 38. h5 a4 {White got outplayed after the opening.  Weighted Error Value: White=0.74/Black=0.23} (38... gxh5 $142 39. gxh5 a4 40. h6+ Kxh6 41. Rxf7 a3) 0-1